[Event "Donner Memorial"]
[Site "Amsterdam"]
[Date "1996.08.29"]
[Round "11"]
[White "Hodgson, Julian M"]
[Black "Salov, Valery"]
[Result "0-1"]
[WhiteElo "2550"]
[BlackElo "2675"]
[Annotator "Ribli,Z"]
[PlyCount "122"]
[EventDate "1996.08.17"]
[EventType "tourn"]
[EventRounds "11"]
[EventCountry "NED"]
[EventCategory "16"]
[SourceTitle "CBM 055"]
[Source "ChessBase"]
[SourceDate "1996.12.01"]
[SourceVersion "1"]
[SourceVersionDate "1996.12.01"]
[SourceQuality "1"]

1. c4 {Psakhis} e5 2. Nc3 Nf6 3. Nf3 Nc6 4. g3 Bb4 5. Bg2 O-O 6. O-O Bxc3 $5 {
Ribli.Nach 6...Re8 ist 7.Nd5 ein bisschen unangenehm fuer Schwarz, und die
Variante nach 6...e4 7.Ng5 Bc3 8.bc Re8 9.f3 ist sehr scharf.Die
Partiefortsetzung bietet Schwarz ruhiges positionelles Spiel mit gleichen
Chancen.} 7. bxc3 Re8 8. d3 e4 $1 9. Nd4 exd3 (9... h6 10. dxe4 Nxe4 11. Qc2 d5
12. cxd5 Qxd5 13. Rd1 $1 (13. e3 Na5 14. f3 Nd6 15. e4 Qc5 16. Be3 Ndc4 17. Bf2
Qe7 18. Rad1 Bd7 19. f4 Rad8 20. e5 Bg4 $13 {Kasparov-Karpov,Sevilla,1987.})
13... Bf5 14. Qb2 Nxd4 15. cxd4 Qd7 16. Bf4 c6 17. a4 {Portisch,L-Salov,V/
Tilburg/1994/CBM44/} Rad8 18. a5 $14 {Portisch-Salov,Tilburg,1994.}) 10. exd3
h6 (10... Nxd4 11. cxd4 d5 12. Bg5 $1 c6 13. cxd5 cxd5 14. Qb3 $14 {Gulko,
B-Huebner,R/San Francisco/1995/CBM46/}) 11. Rb1 (11. Be3 Ne5 12. Re1 d6 13. h3
c5 14. Nf3 Ng6 15. d4 Qc7 16. Nd2 Bd7 $10 {Gurevich,M-Salov,V/Linares/1991/})
11... Nxd4 12. cxd4 d5 13. Bf4 $1 (13. h3 b6 14. c5 Nh7 15. Re1 Rxe1+ 16. Qxe1
Ba6 17. Rb3 Qd7 $13 {Ubilava-Naumkin,Beograd,1988,CBM10. Kortschnoj empfiehlt
statt 14.c5 den Zug 14.Bf4!?, aber mir gefällt das sofortige 13.Bf4.
Ubilava-Naumkin/Belgrade/1988/0:1/40/}) 13... b6 {N/} (13... c6 14. Be5 b6 15.
Qa4 Bf5 16. Rbd1 Qd7 17. Bxf6 gxf6 18. cxd5 cxd5 19. Qxd7 Bxd7 20. Bxd5 Rad8
$10 {Norri,J-Tella,J/FIN t-ch/1995/0,5/25/}) 14. Be5 Bb7 (14... c6 $5 {Psakhis}
) 15. Qf3 $14 {Ribli.Weiss hat das Laeuferpaar, einen sehr starken Laeufer mit
der Fesselung auf der Diagonale h1-a8 und im Ganzen eine aktive Stellung.
Andererseits hat Schwarz eine solide Stellung ohne Schwaechungen.} Nh7 (15...
Nd7 {Psakhis} 16. Rfe1 $14) 16. h4 (16. cxd5 {Psakhis} Ng5 17. Qf4 Bxd5 $1 18.
Bxc7 Bxg2 19. Bxd8 Nh3+ 20. Kxg2 Nxf4+ 21. gxf4 Raxd8 $10) 16... Qe7 (16... c6
{Psakhis}) 17. Qg4 Nf6 (17... f6 $6 18. Bf4 $14) 18. Qf4 {Ribli.Die Drohung 19.
Bf6 Qf6 20.Qf6 gf6 ist nicht so gefaehrlich fuer Schwarz, aber nach
Moeglichkeit umgeht er diese Abwicklung.} Nh5 19. Qf3 Nf6 {Ribli. Diese Partie
wurde in der letzten Runde gespielt. Weiss strebt den vollen Punkt an statt
der Zugwiederholung.} 20. Rbe1 (20. Bxf6 {Psakhis} Qxf6 21. Qxf6 gxf6 22. cxd5
(22. Rfe1 $5) 22... Rad8 23. Rbc1 Bxd5 24. Bxd5 Rxd5 25. Rxc7 Rxd4 26. Rxa7
Rxd3 $10) 20... Qe6 21. Qf4 (21. Bxc7 Qxe1 22. Rxe1 Rxe1+ 23. Kh2 h5) (21. Bxf6
{Psakhis} Qxf6 22. Qxf6 gxf6 23. Re3 $5 $14) 21... Nh5 22. Qc1 Qd7 (22... Qf5 {
Psakhis} 23. Qd1 $16) 23. Qd1 Nf6 (23... g6 {Psakhis} 24. g4 Ng7 25. Qf3 $16)
24. Bxf6 gxf6 25. Qh5 {Ribli.Mit den Damen auf dem Brett sind die
Bauernschwaechen am schwarzen Koenigsfluegel unangenehm.} (25. Kh2 {Ribli.Mit
eventuellem Bh3,und Angriff am Koenigsfluegel.}) 25... Kg7 26. cxd5 {Ribli.
Ein seltsames Bild.Weiss hat einen Tripelbauern auf der d-Linie. Aber das ist
nicht so wichtig, wichtiger ist die Zeit, die Schwarz benoetigt, um den Bauern
zurueckzugewinnen, waehrend Weiss einen gefaehrlichen Angriff führt.} Rad8 (
26... Rxe1 $2 {Psakhis} 27. Rxe1 Rd8 28. d6 (28. Re4 Bxd5 29. Rg4+ Kh7 30. Be4+
Bxe4 31. dxe4 $36) 28... cxd6 $8 29. Bxb7 Qxb7 30. Qg4+ Kh7 31. Qf5+ Kg7 32.
Re4 $18) 27. Re4 $1 (27. Re3 $1 {Psakhis} Rxe3 $6 28. fxe3 Bxd5 29. Bxd5 Qxd5
30. Qg4+ Kh7 (30... Kf8 31. Qf4 $16) 31. Rxf6 $16) 27... Bxd5 (27... f5 28. Re5
) 28. Rxe8 {[#]} (28. Rg4+ Kh7 29. Rf4 (29. Be4+ {Psakhis} Bxe4 30. dxe4 Re7
$13) 29... Re6 $2 (29... Qe6 $1 $15) (29... Qd6 $2 30. Qf5+ (30. Bxd5 $6 Qxd5
31. Qxd5 Rxd5 32. Rxf6 Kg7 (32... Re7) 33. Rc6) 30... Kg8 31. Bxd5 Qxd5 32.
Rg4+ (32. Qxf6)) (29... Bxg2 30. Rxf6 Qd5 $2 (30... Bd5 31. Rxh6+ Kg7 32. Qg5+
Kf8 33. Rh8#) (30... Kg7 $5 31. Qxh6+ (31. Rxh6 Qd5 32. Rh7+ Kf8 (32... Kg8 $4
33. Rh8+ Kg7 34. Qh6#)) 31... Kg8 32. Qg5+ Kf8 33. Qh6+ (33. Rh6 Qxd4) 33...
Kg8 $10 (33... Ke7 34. Re1+ $18)) 31. Rxf7+ $18) 30. Bh3) 28... Bxg2 29. Rxd8
Qh3 $8 30. Qg4+ (30. f3 Qxg3 $4 (30... Qh1+ 31. Kf2 Qxf1+ 32. Ke3 Qe1+ (32...
Qc1+) 33. Kf4 Qd2+ (33... Bh3 34. g4 Qd2+ 35. Kg3 Qg2+ 36. Kf4 Qd2+ $10) 34.
Kg4 $4 (34. Kf5 Qxd3+ 35. Kf4) (34. Ke4 {Psakhis} Qe2+ $10) 34... Bxf3+ 35.
Kxf3 Qd1+) 31. Qg4+) 30... Qxg4 31. Kxg2 {Ribli. Nach unklaren Verwicklungen
haben wir eine ungefaehr gleiche Stellung erreicht. Es ist schwer vorstellbar,
dass Weiss diese Partie mit zwei Tuermen gegen die Dame verlieren kann.} Qe2
32. Rc1 Qxd3 33. Re1 $2 {Ribli.Weiss ist zu agressiv.Ich denke,ein halber
Punkt ist immer besser als nichts.Mit seinem letzten Zug verteidigt Weiss sich
gegen das Dauerschach und ... verliert die Partie.} (33. Rxc7) (33. Rxc7 {
Psakhis} Qe4+ 34. Kh2 Qe2 35. Kg2 Qe4+ $10 (35... Qxa2 $6 36. d5 $36)) 33... c5
34. Re3 (34. Re7 $5 {Psakhis}) (34. d5 {Psakhis} Qd2 35. Ree8 Qxa2 36. Rg8+ Kh7
37. h5 f5 $17) 34... Qc4 35. d5 (35. dxc5) (35. dxc5 $5 $10 {Psakhis}) 35...
Qxa2 36. Re7 (36. d6 {Psakhis} Qd5+) 36... Qc4 37. Rdd7 $2 (37. Rxa7) (37. h5
$5 {Psakhis}) 37... Kg6 38. Rd8 $6 (38. Rxf7) (38. Rxf7 {Psakhis} Qe4+ 39. Kg1
a5 $17) 38... h5 39. Rdd7 a5 40. Rxf7 {Ribli. Weiss hat die letzte Phase der
Partie zu seinem Unglück sehr konsequent auf Verlust gespielt - war er in
grosser Zeitnot?} Qe4+ 41. Kg1 a4 $19 {Ribli. Schwarz hat gewonnen, er besitzt
drei Freibauern und sein Koenig ist aktiv.Die einzige Gefahr ist der weisse
d-Bauer, aber mit guten Spiel kann Schwarz den leicht aufhalten.} 42. Rg7+ Kf5
43. Rdf7 Qb1+ (43... Qxd5 $4 44. Rg5+ $18) 44. Kg2 Ke5 45. d6 (45. Rd7 {Psakhis
} a3) 45... Kxd6 46. Rxf6+ Kd5 47. Rf4 (47. Rg5+ $2 Kc4 48. Rxh5 a3 $19) 47...
a3 48. Rd7+ (48. Ra4 $5 c4 49. Rg5+ Kd4 50. Rxa3 $132) 48... Kc6 49. Ra7 Qb3 (
49... a2 50. Rfa4) 50. Rf3 (50. Rfa4 $1 $13) 50... Qd5 51. Raxa3 c4 {Ribli.
Schwarz hat seinen gefaehrlichen a-Bauern geopfert, jedoch tauschweise für die
Fesselung. Mit den beiden verbundenen Bauern gewinnt er leicht.} 52. Kh2 Kc5
53. Rf8 Kb4 54. Re3 b5 55. Rf4 (55. Rb8 Ka4 56. Re1 $5 Qf5 $1 $17 (56... c3 $6
{Psakhis} 57. Ra1+ Kb4 58. Rb1+ Ka5 59. Ra1+ $10)) 55... Ka4 56. g4 (56. Ree4 {
Psakhis} Kb3) 56... hxg4 57. Rxg4 b4 58. Ree4 Qd6+ 59. Kg2 c3 60. Rc4 Kb3 61.
h5 (61. Rgd4 {Psakhis} Qxd4 62. Rxd4 c2 63. Rd3+ Ka4) 61... Qd5+ {Ribli.Weiss
gab auf.Nach 62.f3 ist Qc4 63.Rc4 Kc4 64.h6 c2 65.h7 c1Q 66.h8Q nicht
ueberzeugend, aber 62...Qd2 63.Kg3 c2 gewinnt leicht.} (61... Qd5+ {Psakhis}
62. f3 Qd2+ 63. Kg3 c2 $19) 0-1

[Event "Albert/Berlin m"]
[Site "Albert/Berlin"]
[Date "1998.06.13"]
[Round "5"]
[White "Huebner, Robert"]
[Black "Bacrot, Etienne"]
[Result "0-1"]
[WhiteElo "2560"]
[BlackElo "2565"]
[Annotator "Ribli,Z"]
[PlyCount "92"]
[EventDate "1998.06.06"]
[EventType "match"]
[EventRounds "6"]
[EventCountry "FRA"]
[SourceTitle "CBM 066"]
[Source "ChessBase"]
[SourceDate "1998.09.30"]
[SourceVersion "1"]
[SourceVersionDate "1998.09.30"]
[SourceQuality "1"]

1. c4 Nf6 2. Nc3 e5 3. Nf3 Nc6 4. g3 g6 {Eine von Bacrot gerne, aber ansonsten
selten gespielte Variante. Die Alternativen sind 4...d5, 4...Bb4 oder 4...Bc5.
Ribli.} 5. d4 exd4 6. Nxd4 Bg7 7. Bg2 (7. Nxc6 $5) 7... O-O 8. O-O (8. Nc2 d6
9. O-O Re8 10. Bd2 (10. Bg5 $5 h6 11. Bd2 Bd7 (11... Ne5 $5 12. b3 c6 13. Rc1
Qe7 (13... a5 $5) 14. h3 Kh7 15. Nd4 Ned7 16. Qc2 Nc5 17. Rcd1 Nh5 18. Bc1 f5
19. e3 Nf6 20. Ba3 Bd7 21. Nde2 Rad8 22. Na4 $1 {Chernin,A-Votava,J/Erevan olm
1996/1-0 (69)}) 12. b3 a6 13. Ne3 {[%csl Gc3,Ge3][%cal Gc3d5,Ge3d5]} Rb8 14.
Rc1 Nd4 15. Ned5 {1-0 Gavrikov,V-Hartman,C/Excelsior Cup 1998 (39)}) 10... Ne5
11. b3 c6 12. Rc1 a5 13. h3 a4 14. Be3 axb3 15. axb3 Qc7 16. Qd2 Ned7 17. Bh6
Bh8 18. b4 Nb6 19. Ne3 Be6 20. Ncd5 Qd8 21. Nf4 d5 22. Rfd1 dxc4 23. Nxe6 Qxd2
24. Rxd2 c3 25. Rd3 Rxe6 26. Rcxc3 Bg7 27. Bxg7 {1/2-1/2 Spassky,B-Bacrot,E/
Cannes Generations 1998}) 8... Re8 {[%csl Yd5] Weiß kontrolliert mehr Raum,
besonders das Feld d5. Schwarz hat kein spezielles Gegenspiel, aber seine
Stellung ist fest.} 9. e3 (9. Nc2 $5) (9. Nxc6 $5) 9... Rb8 (9... Ne5 $2 10. b3
d6 11. h3 h5 $5 (11... Nfd7 12. Qc2 Nc5 13. Bb2 a5 14. a3 Bd7 15. Rad1 Qc8 16.
Kh2 Ne6 17. Nxe6 Bxe6 18. e4 Nd7 19. Nd5 {1-0 Kwatschewsky,L-Manhardt,T/
AUT-chT2S 9697 1996 (40)}) 12. Bb2 c6 13. Qc2 a5 14. Rad1 Qc7 15. Ba3 Bf8 (
15... h4 $2 16. g4 Nexg4 $2 17. hxg4 Nxg4 18. Ne4 Bf8 19. f3 d5 20. fxg4 $18
dxe4 21. Bxf8 Kxf8 22. Rf4 Bd7 23. Qf2 {1-0 Stangl,M-Bacrot,E/Balatonbereny
1996}) 16. Rd2 {/\ Rfd1, Nc2+/-}) (9... Nxd4 $6 10. exd4 d6 11. Bf4 Rb8 (11...
c6 12. h3 $14) 12. c5 Nh5 13. Be3 dxc5 14. dxc5 Qxd1 15. Rfxd1 Bxc3 16. bxc3 {
1-0 Kortschnoj,V-Fontaine,R/Cannes mT 1996 (41)}) 10. Nde2 $14 {[%csl Yd5,Gg2]
[%cal Ge2f4,Gf4d5] Der weiße Plan ist klar. Er beabsichtigt 11.b3 nebst 12.Bb2
mit bequemem Spiel.} (10. b3 Nxd4 11. exd4 a6 (11... d6 12. h3 a6 13. Be3 b5
14. cxb5 axb5 15. Rc1 b4 16. Ne2 Bb7 17. d5 Ba6 18. Re1 Bxe2 19. Qxe2 Nd7 20.
Qc4 Bc3 21. Red1 Nb6 22. Qf4 Be5 23. Qf3 Ra8 24. Rc2 Nd7 25. Bd2 {Ivanov,
I-Adams,M/BCF-ch 1987/1-0 (55)}) 12. a4 d6 13. h3 Bf5 14. Be3 h5 15. Qd2 Ne4
$11 16. Nxe4 Bxe4 17. Bg5 Qd7 18. Rae1 Bxg2 19. Kxg2 b5 20. axb5 axb5 21. d5
bxc4 22. bxc4 Qf5 {0-1 Shamkovich,L-Akopian,V/Palma de Mallorca GMA 1989 (46)})
10... d6 11. b3 Bf5 {[%csl Ye4] Die schwarze Stellung ist etwas genügsam. Er
plant mit 12...Qc8 (12...Qd7) die weißfeldrigen Läufer zu tauschen.} 12. Bb2
Qc8 (12... Ne4 $5 13. Qc1 Nb4 {[%cal Gb4d3,Gd3b2,Gd3c1]}) 13. Qd2 (13. Re1 $2
Nb4 {[%csl Yd3][%cal Rb4d3,Rd3e1,Rd3b2]} (13... Bh3 14. Bh1 Bg4)) 13... Bh3 (
13... Ne4 14. Nxe4 Bxe4 15. f3 Bf5 16. e4 $14 {[%csl Yd5]}) 14. Bxh3 Qxh3 15.
Nf4 {[%csl Yd5][%cal Rf4h3,Gf4d5]} Ne5 $5 {[%cal Re5f3,Rf3d2,Rf3g1]} 16. f3 (
16. Nxh3 $5 Nf3+ 17. Kg2 Nxd2 18. Rfd1 Nde4 (18... Nfe4 19. Nxe4 Nxe4 (19...
Bxb2 $2 20. Nxd2 Bxa1 21. Rxa1 $16) 20. Bxg7 Kxg7 21. Nf4 $14)) 16... Qd7 17.
Rad1 Rbd8 18. e4 {[%csl Yd5] Weiß hat Raumvorteil, aber die schwarze Stellung
scheint gut verteidigungsfähig.} c6 19. Kg2 {[%csl Gg2] Ein guter
prophylaktischer Zug. Weiß vermeidet taktische Motive gegen f3 und verbessert
seine Königsstellung.} Qc7 20. Rf2 a6 21. Qc2 Qb8 {Jetzt droht Schwarz 22...b5.
} (21... b5 $6 22. cxb5 cxb5 (22... axb5 23. Nxb5 $16 {[%cal Gc2c7]}) 23. Ncd5
$14 {[%csl Gd5,Rd6] Weiß kontrolliert das Feld d5 stark und der schwarze Bauer
d6 ist schwach.}) 22. a4 h5 {Die Stellung ähnelt der Königsindischen
Verteidigung. Theoretisch ist der Bauer d6 schwach, aber er ist gut verteidigt
und es ist für Weiß trotz seines Raumvorteils schwierig voranzukommen.} 23. Ba3
{[%cal Ga3d6]} Nh7 24. h4 Nf8 25. Rfd2 {[%csl Rd6][%cal Rd1d6,Ra3d6]} c5 {
[%csl Yd5][%cal Gf4d5,Gc3d5] Jetzt ist es dem Weißen gelungen, ein
positionelles Loch auf d5 zu erzwingen.} 26. Bb2 Kh7 27. Ncd5 {[%csl Gd5]} Ne6
28. Qb1 (28. Ne2 $5 {Und Weiß kann mit 29.f4 den stolzen schwarzen e5-Springer
vertreiben.}) 28... Rf8 29. Qa1 b5 $5 {Schwarz muß am Damenflügel Gegenspiel
organisieren, sonst kommt Weiß langsam mit 30.Ne2 nebst 31.f4.} 30. cxb5 axb5
31. a5 Nd4 $13 {[%csl Gd4,Rf3][%cal Rd4b3] Strategisch steht Schwarz schlecht,
denn der weiße Springer d5 beherrscht das Brett, aber es bieten sich ihm gute
taktische Gegenchancen.} 32. Bxd4 cxd4 {[%csl Gd4][%cal Gg7a1]} 33. Rf2 Qa7 34.
Nd3 f5 $1 {[%csl Rg2]} 35. Nxe5 $6 (35. exf5 Rxf5 $132 36. N3f4) 35... dxe5 36.
b4 $6 {[%csl Ga5,Gd5]} (36. Rff1) 36... fxe4 37. fxe4 Rxf2+ 38. Kxf2 Qf7+ {
[%csl Rf2]} {[#]} 39. Kg2 Rxd5 $1 $17 {Ein positionelles Qualitätsopfer im
Stile Tigran Petrosjans! Der junge französische Großmeister bekommt zwei
gefährliche verbundene Freibauern und Angriff.} 40. exd5 Qxd5+ {[%csl Gd4,Gd5,
Ge5,Rg2,Gg7]} 41. Kh2 d3 {Mit der Unterstützung des Läufers sind die schwarzen
Bauern sehr gefährlich.} 42. a6 e4 43. Qa3 Qf7 44. a7 (44. Rg1 Be5 45. Rg2 (45.
a7 Qf2+ 46. Kh1 (46. Rg2 Bxg3+ 47. Kh3 Qf3 48. Rxg3 Qh1#) 46... Qf3+ 47. Kh2
Qg4 $19 {[%csl Rh2][%cal Rg4h4]}) 45... Qe7 46. Kg1 (46. a7 Qxh4+ 47. Kg1 Bd4+
$19 {nebst matt}) 46... Qd7 47. Qa2 e3 $19) 44... Qf2+ $19 45. Kh1 Qf3+ 46. Kh2
Qe2+ {und Weiß gab auf. Er steht vor der traurigen Wahl: Matt oder Turmverlust
mit "Schach".} (46... Qe2+ 47. Kh3 (47. Kh1 Qxd1+ $19) 47... Qxd1 48. a8=Q Qh1#
) 0-1

[Event "Zuerich Kortschnoj-B"]
[Site "Zuerich"]
[Date "2001.04.28"]
[Round "4"]
[White "Kortschnoj, Viktor Lvovich"]
[Black "Svidler, Peter"]
[Result "0-1"]
[WhiteElo "2643"]
[BlackElo "2695"]
[Annotator "Ribli,Z"]
[PlyCount "54"]
[EventDate "2001.04.28"]
[EventType "tourn"]
[EventRounds "5"]
[EventCountry "SUI"]
[EventCategory "15"]
[SourceTitle "CBM 083"]
[Source "ChessBase"]
[SourceDate "2001.07.05"]
[SourceVersion "1"]
[SourceVersionDate "2001.07.05"]
[SourceQuality "1"]

1. c4 Nf6 2. Nc3 e5 3. Nf3 Nc6 4. g3 Nd4 {Dieser Zug wird relativ selten
gespielt - die Alternativen sind 4...d5 und 4...Bb4.} 5. Nh4 $6 {Dieser Zug
wirkt unnatürlich auf mich. Weiß möchte die Springer auf dem Brett halten und
nach 6.e3 den gegnerischen Springer verjagen. Das natürliche 5.Bg2 ist meines
Erachtens die beste Fortsetzung für Weiß.} d5 $5 {Es ist bemerkenswert, dass
dieser natürliche Bauernzug nicht nur noch nie gespielt, sondern seinerzeit
von Kortschnoj selbst empfohlen wurde (s. die Monographie A 29 (1993)).} (5...
c6 6. e3 Ne6 7. Bg2 (7. d4 exd4 8. exd4 d5 $15 9. c5 b6 10. b4 a5 11. Na4 Nd7
$1 12. b5 Bb7 13. Ba3 bxc5 14. dxc5 Ndxc5 15. Rc1 $2 (15. Nxc5 $5) 15... Nxa4
16. Bxf8 Kxf8 17. bxc6 Bxc6 18. Rxc6 Qe8 $1 $19 {0-1 Gulko,B-Hansen,C/Esbjerg
2000/CBM 78/[Ribli] (26)}) 7... g6 (7... Bb4 8. O-O O-O 9. d4 exd4 10. exd4 d5
11. cxd5 cxd5 12. Qb3 Qa5 13. Rd1 Rd8 14. Nf5 {1-0 Liberzon,V-Tatai,S/
Beersheba 1976/MCL (22)}) 8. d4 exd4 9. exd4 d5 10. cxd5 cxd5 11. O-O Bg7 12.
Be3 O-O 13. Qb3 Qa5 14. Rfd1 Rd8 15. h3 Bd7 16. Nf3 Bc6 17. Ne5 Qb6 18. Qxb6
axb6 19. a3 Ne4 20. Nxc6 {1/2-1/2 Huzman,A-Svidler,P/Haifa 2000/CBM 74 ext (20)
}) (5... g5 $2 6. Nf3 Nxf3+ 7. exf3 Bc5 8. Qe2 Qe7 $2 (8... d6 $13) 9. d3 Rg8
10. h4 h6 11. hxg5 hxg5 12. Bxg5 Rxg5 13. Nd5 Qd6 14. Rh8+ Ng8 15. f4 Rg6 16.
fxe5 $18 {Botterill,G-Botto/England 1977/Inf 24 (16)}) 6. e3 $6 {Dieser Zug
bedeutet eine Schwächung der weißen Felder.} (6. cxd5 Nxd5 7. Bg2 Be6 $11) 6...
Nc6 7. cxd5 Nxd5 {Schwarz hat eine bequeme Stellung erreicht - er kann mit 8...
Be7 (mit Tempogewinn dank der schlechten Stellung des Nh4) die Entwicklung des
Königsflügels beenden. Weiß hingegen muss immer auch mit Ndb4 rechnen.} 8. d3
Be7 $15 9. Nf3 (9. Nxd5 Qxd5 10. Bg2 Bb4+ $15) 9... O-O {Schwarz hat
Entwicklungsvorsprung und eine gesunde Stellung. Weiß steht schon jetzt vor
Problemen - es ist nicht leicht, den Bf1 zu entwickeln.} 10. Bg2 (10. a3 $15) (
10. Be2 Bh3 $15) 10... Ndb4 {[%csl Rd3]} 11. Ke2 {[%csl Re2] Man muss hier
darauf hinweisen, dass es sich hier um eine Schnellschachpartie handelt. Unter
normalen Bedingungen hätte Kortschnoj natürlich eine andere Variante gewählt.
Der König steht schlecht in der Mitte.} (11. d4 exd4 12. exd4 Nxd4 $1 $17)
11... Be6 {Durch natürliche Züge verschafft sich Schwarz eine gute
Angriffsstellung - anschließend kann er Qd7 und f7-f5 ziehen.} 12. Ne1 {
Weiß bereitet 13.a3 vor und verteidigt den Pd3.} (12. a3 Bb3 $5 (12... Nd5 $15)
13. Qd2 (13. Qxb3 $2 Qxd3+ 14. Ke1 Nc2+ $19) 13... Nc2 14. Rb1 f5 $36) 12...
Qd7 13. a3 {Dieser Bauernzug ist jetzt besser - Schwarz kann nun nicht 13...
Bb3 ziehen.} Nd5 14. Qc2 Rad8 {[%cal Gd8d2][%mdl 2048]} 15. Bd2 Kh8 (15... f5
$15) 16. Nxd5 (16. Rd1 f5 $15) 16... Bxd5 17. Bxd5 Qxd5 18. Nf3 f5 19. Qc4 (19.
Bc3 e4 20. Ne1 Rd7 $15) 19... Qd7 {Natürlich muss Schwarz angesichts des Ke2
die Damen auf dem Brett halten.} 20. Rhd1 b5 $1 21. Qc2 (21. Qxb5 e4 $19 {
Und wenn der Nf3 sein Feld verlässt, gewinnt Schwarz die Dame mit 22...Nd4+.})
21... f4 $40 22. Rac1 $2 (22. gxf4 exf4 $40) 22... fxg3 {[%mdl 128]} 23. fxg3 (
23. Qxc6 Qxd3+ 24. Ke1 g2 $19) 23... e4 $1 {Mit diesem Bauernopfer schließt
Schwarz die Diagonale a8-h1. Nun kann Weiß den Nf3 nicht mehr mit Qxc6
verteidigen.} 24. dxe4 Qg4 25. Rf1 Rxf3 $1 $19 26. Rxf3 Ne5 27. Rcf1 Nxf3 (
27... Nxf3 28. Rxf3 Rf8 $19) 0-1

[Event "YUG-ch"]
[Site "Kladovo"]
[Date "1990.??.??"]
[Round "?"]
[White "Nikolic, Zivoslav"]
[Black "Damljanovic, Branko"]
[Result "0-1"]
[WhiteElo "2455"]
[BlackElo "2535"]
[Annotator "Ribli,Z"]
[PlyCount "120"]
[EventDate "1990.02.??"]
[EventType "tourn"]
[EventRounds "15"]
[EventCountry "YUG"]
[EventCategory "9"]
[SourceTitle "CBM 017"]
[Source "ChessBase"]
[SourceDate "1990.08.01"]
[SourceVersion "1"]
[SourceVersionDate "1990.08.01"]
[SourceQuality "1"]

1. g3 e5 2. Bg2 Nf6 3. c4 d5 4. cxd5 Nxd5 5. Nc3 Nb6 6. Nf3 Nc6 7. O-O Be7 8.
d3 O-O 9. Be3 Re8 $5 {9...Be6 Vancsura,Z-Zysk,R Budapest 1988  CBM/8} 10. Rc1
Bf8 11. Ne4 Bf5 12. Nc5 Bxc5 13. Bxc5 e4 14. dxe4 Bxe4 15. Qxd8 Raxd8 16. e3
Na4 17. Ba3 Nb6 18. b3 Nd5 19. Rfd1 $2 {19.h3!?} Nc3 $1 20. Rxd8 Rxd8 21. Rxc3
Rd1+ 22. Bf1 Bxf3 23. Rc1 Rd2 24. Ra1 Ne5 25. Bb4 Rc2 26. Be1 c5 27. h3 h5 {-/+
} 28. g4 hxg4 29. hxg4 Bxg4 30. Kg2 Bf3+ 31. Kg3 g5 32. Bh3 g4 33. Bxg4 Bxg4
34. f4 Nd3 35. Kxg4 Nxe1 36. Rxe1 Rxa2 37. e4 Rb2 38. Re3 Kf8 39. Kf5 Ke7 40.
e5 a5 41. Rc3 b6 42. Rh3 b5 43. Rh7 Rxb3 44. e6 Re3 45. Rxf7+ Kd6 46. Rd7+ Kc6
47. Kf6 b4 48. Rd8 b3 49. e7 a4 50. Rc8+ Kd6 51. Rd8+ Kc7 52. Rd5 Rxe7 53. Kxe7
b2 54. Rd7+ Kc6 55. Rd6+ Kb7 56. Rd7+ Ka6 57. Rd6+ Ka5 58. Rd8 a3 59. Ra8+ Kb4
60. Rb8+ Kc3 0-1